THEORY OF COMPUTER SCIENCE (AUTOMATA, LANGUAGES AND COMPUTATION) (Record no. 21969)
[ view plain ]
| 000 -LEADER | |
|---|---|
| fixed length control field | 00510nam a2200193Ia 4500 |
| 008 - FIXED-LENGTH DATA ELEMENTS--GENERAL INFORMATION | |
| fixed length control field | 240509s9999 xx 000 0 und d |
| 020 ## - INTERNATIONAL STANDARD BOOK NUMBER | |
| International Standard Book Number | 0008120312716 |
| 041 ## - LANGUAGE CODE | |
| Language code of text/sound track or separate title | English |
| 082 ## - DEWEY DECIMAL CLASSIFICATION NUMBER | |
| Classification number | 005.131 |
| 082 ## - DEWEY DECIMAL CLASSIFICATION NUMBER | |
| Cutter number | M37 |
| 100 ## - MAIN ENTRY--PERSONAL NAME | |
| Personal name | MISHRA K.L.P. : CHANDRASEKARAN |
| 245 #0 - TITLE STATEMENT | |
| Title | THEORY OF COMPUTER SCIENCE (AUTOMATA, LANGUAGES AND COMPUTATION) |
| 260 ## - PUBLICATION, DISTRIBUTION, ETC. | |
| Name of publisher, distributor, etc. | NEW DELHI : PRINTICE HALL |
| 260 ## - PUBLICATION, DISTRIBUTION, ETC. | |
| Date of publication, distribution, etc. | 1998 |
| 300 ## - PHYSICAL DESCRIPTION | |
| Extent (Pages) | 304 p. |
| 650 ## - SUBJECT ADDED ENTRY--TOPICAL TERM | |
| Topical term or geographic name entry element | AUTOMATA : LANGUAGES : COMPUTATION : |
| 942 ## - ADDED ENTRY ELEMENTS (KOHA) | |
| Source of classification or shelving scheme | Dewey Decimal Classification |
| 942 ## - ADDED ENTRY ELEMENTS (KOHA) | |
| Koha item type | Refrence Book |
| 945 ## - LOCAL PROCESSING INFORMATION (OCLC) | |
| creator borrowernumber | 1 |
| creator name | Madushi Gamage |
| modifier borrowernumber | 1 |
| modifier name | Madushi Gamage |
| Withdrawn status | Lost status | Source of classification or shelving scheme | Damaged status | Not for loan | Collection code | Home library | Current library | Shelving location | Date acquired | Cost, normal purchase price | Inventory number | Total Checkouts | Full call number | Barcode | Date last seen | Price effective from | Koha item type |
|---|---|---|---|---|---|---|---|---|---|---|---|---|---|---|---|---|---|
| Dewey Decimal Classification | Reference Collection | UCSC Library | UCSC Library | Reference Section | 27/06/2024 | 262.00 | 4356 | 005.131 M37 | A14356 | 27/06/2024 | 27/06/2024 | Refrence Book | |||||
| Dewey Decimal Classification | Lending Collection | UCSC Library | UCSC Library | Lending Section | 27/06/2024 | 262.00 | 4357 | 005.131 M37 | A14357 | 27/06/2024 | 27/06/2024 | Lending Book | |||||
| Dewey Decimal Classification | Lending Collection | UCSC Library | UCSC Library | Lending Section | 27/06/2024 | 300.00 | 7665 | 005.131 M37 | A17665 | 27/06/2024 | 27/06/2024 | Lending Book | |||||
| Dewey Decimal Classification | Lending Collection | UCSC Library | UCSC Library | Lending Section | 27/06/2024 | 300.00 | 7666 | 005.131 M37 | A17666 | 27/06/2024 | 27/06/2024 | Lending Book | |||||
| Dewey Decimal Classification | Lending Collection | UCSC Library | UCSC Library | Lending Section | 27/06/2024 | 300.00 | 7667 | 005.131 M37 | A17667 | 27/06/2024 | 27/06/2024 | Lending Book | |||||
| Dewey Decimal Classification | Lending Collection | UCSC Library | UCSC Library | Lending Section | 27/06/2024 | 300.00 | 7668 | 005.131 M37 | A17668 | 27/06/2024 | 27/06/2024 | Lending Book | |||||
| Dewey Decimal Classification | Lending Collection | UCSC Library | UCSC Library | Lending Section | 27/06/2024 | 300.00 | 7669 | 005.131 M37 | A17669 | 27/06/2024 | 27/06/2024 | Lending Book |